000 00899nas a2200313 4500
001 BR0101658
003 BR-BrBNA
005 20231205102152.0
007 ta
008 230509b bl.|||p| |||| 00| 00por d
040 _aBR-BrBNA
_bpor
_cBiblioteca Nacional de Agricultura
041 _a(Pt)
072 _aQ04
100 1 _aGomes, J.E.
100 1 _aPerecin, D.
100 1 _aMartins, A.B.G.
100 1 _aFontes, S.
245 1 _aVariacoes fisico-quimicas em suco de acerola armazenado
650 _aAcerola
650 _aSuco de Fruta
650 _aVariedade
650 _aArmazenamento
650 _aPropriedade Fisico-Quimica
650 _aVitamina C
650 _aPerda Pos-Colheita
773 0 _tRevista Brasileira de Fruticultura (Brazil)
_xISSN 0100-2945
_g(Dec 2000), v. 22(3) p. 377-381
_wBR0101658
909 _a202311
_bLúcia
_c55
_dLúcia Elande
942 _2AGRIS
_n0
_cANA
999 _c166100
_d166100